World Leaders of the 19th Century - Statistics

General Stats
  • This quiz has been taken 1,461 times
    1,350 since last reset
  • The average score is 12 of 25
Answer Stats
Position Years Answer % Correct
British Monarch 1837-1901 Victoria
93%
French Emperor 1804-1815 Napoleon Bonaparte
92%
American President 1861-1865 Abraham Lincoln
85%
British Monarch 1760-1820 George III
81%
German Chancellor 1871-1890 Otto von Bismarck
79%
Russian Emperor 1825-1855 Nicholas I
77%
American President 1901-1909 Theodore Roosevelt
75%
American President 1801-1809 Thomas Jefferson
68%
Belgian King 1835-1909 Leopold II
62%
Russian Emperor 1801-1825 Alexander I
61%
President of Gran Colombia 1819-1830 Simón Bolívar
47%
Confederate States President 1861-1865 Jefferson Davis
45%
Zulu Monarch 1816-1828 Shaka
43%
Dutch King 1815-1840 William I
40%
Emperor of Brazil 1831-1889 Pedro II
38%
King of Sardinia/Italy 1849-1878 Victor Emmanuel II
33%
Emperor of Japan 1867-1912 Meiji
29%
Austrian Foreign Minister 1809-1848 Klemens von Metternich
28%
Ottoman Sultan 1808-1839 Mahmud II
27%
Spanish Monarch 1833-1868 Isabella II
21%
Mexican President/Caudillo 1833-1855 Antonio López de Santa Anna
18%
Chinese Empress Dowager 1861-1908 Cixi
18%
Mexican President/Caudillo 1876-1911 Porfirio Díaz
15%
Shogun of Japan 1866-1867 Tokugawa Yoshinobu
14%
Duchess of Parma 1814-1847 Marie Louise
5%
No matching quizzes found
Score Distribution
Percent of People with Each Score
Percentile by Number Answered
Your Score History
You have not taken this quiz since the last reset